{"text_format":"1","workbook":"xlsx","n_sheets":1,"sheets":["inv_fertilizantes_abril_2022"],"not_rendered":{"charts":0,"images":2,"macros":0,"external_links":0,"defined_names":1,"comments":0,"pivot_tables":0},"unopened":[],"bounds":{"document_bytes":16777216,"sheet_cells":100000,"rows_first":2000,"rows_last":500,"rows_between":2000,"halvings":0,"cell_chars":16384,"cell_head_chars":4096},"cells_cut":0,"cells_raw":0,"read":"whole","date_system":"1900"}

{"sheet":"inv_fertilizantes_abril_2022","index":0,"n_rows":98,"n_cols":8,"rows_kept":98,"cut":false,"hidden":false,"merged":[[76,5,80,5],[76,6,80,6],[76,7,80,7],[72,0,72,7],[73,0,73,7],[74,0,74,7],[40,5,44,5],[40,6,44,6],[40,7,44,7],[61,0,61,6],[97,0,97,6],[76,0,80,0],[76,1,80,1],[76,2,80,2],[76,3,80,3],[76,4,80,4],[5,6,9,6],[5,7,9,7],[26,0,26,6],[37,0,37,7],[38,0,38,7],[40,0,44,0],[40,1,44,1],[40,2,44,2],[40,3,44,3],[40,4,44,4],[1,0,1,7],[36,0,36,7],[2,0,2,7],[3,0,3,7],[5,0,9,0],[5,1,9,1],[5,2,9,2],[5,3,9,3],[5,4,9,4],[5,5,9,5]]}
[]
["INSTITUTO DEL TABACO DE LA REPÚBLICA DOMINICANA"]
["INVENTARIO FERTILIZANTES"]
["MES DE ABRIL 2022"]
[]
["Fecha de adquisición y/o registro","Artículo","Código instritucional","Descripción artículo","Existencia","Unidad","Costo","Valor"]
[]
[]
[]
[]
["2017-01-11","FERTILIZANTE ( 1 )","A10-18-15(S)","ABONO 10-18-15(S)",339,"QTAL",1916,{"$f":"+G11*E11","v":649524}]
["2017-06-26","FERTILIZANTE ( 1 )","ABON10-18-15S","ABONO 10-18-15 (S) FORM. SULF.",42,"QTAL",1415,59430]
["2017-12-26","FERTILIZANTE ( 1 )","ABON15-15-15S-5S2MGO","ABON15-15-15S-5S +2MGO",123,"QTAL",1997.16,245650.68000000002]
["2017-11-10","FERTILIZANTE ( 1 )","ABONO","ABONO 15-15-15 (S)+2MGO",3,"QTAL",1448,4344]
["2017-01-23","FERTILIZANTE ( 1 )","ABON-SOLIMAN","ABONO-SOLIMAN",28,"QTAL",525,14700]
["2007-02-28","FERTILIZANTE ( 1 )","ABOTNC","ABOTERRA NITRATO DE CALCIO",40,"55LBS",630,25200]
["2016-10-04","FERTILIZANTE ( 1 )","CALMAGN-QTAL","CAL MAGNESIO",145,"QTAL",473,68585]
["2017-06-26","FERTILIZANTE ( 1 )","FLOR-SOLUB","FLORACION SOLUBLE",40,"55LBS",1214.4000000000001,48576]
["2016-10-04","FERTILIZANTE ( 1 )","PLAMT-3","PLAMTAR 3 - BALANCE NK",9,"25LBS",573.75,5163.75]
["2016-10-04","FERTILIZANTE ( 1 )","PLANT-SEM-12-8-20S","PLANTAR SEMILLERO 12-8-20S+4MGO+ME 67%N",7,"25LBS",751,5257]
["2017-11-01","FERTILIZANTE ( 1 )","PROD-SOLUB","PRODUCCION SOLUBLE",11,"55LBS",1862.0409099999999,20482.45001]
["2016-10-24","FERTILIZANTE ( 1 )","PS275L","PACA SUSTRACTO 275 LITROS",178,"UND",1785,317730]
["2017-11-01","FERTILIZANTE ( 1 )","SEMI-FUTURO","SEMILLERO FUTURO ( 12-8- 20+4MGO+4S+ME)",22,"55LBS",795,17490]
["2017-12-26","FERTILIZANTE ( 1 )","SULFZINC","SULFATO DE ZINC )",2,"25KG",1408,2816]
["2017-01-23","GENERAL ( 10 )","LOM","LOMBRICES COMPST FRUTAS Y VEGETALES",170,"UND",500,85000]
["2017-01-23","MATERIALES ( 9 )","ROLL-TELA3.5X100M","ROLLO TELA TABAC 3.5X100 MT",2,"ROLLO",16100,32200]
["TOTAL",null,null,null,null,null,null,{"$f":"SUM(H11:H26)","v":1602148.8800100002}]
[]
[]
[]
[]
[]
[]
[]
[]
[]
["INSTITUTO DEL TABACO DE LA REPÚBLICA DOMINICANA"]
["INVENTARIO FERTILIZANTES"]
["MES DE MAYO 2022"]
[]
["Fecha de adquisición y/o registro","Artículo","Código instritucional","Descripción artículo","Existencia","Unidad","Costo","Valor"]
[]
[]
[]
[]
["2017-01-11","FERTILIZANTE ( 1 )","A10-18-15(S)","ABONO 10-18-15(S)",339,"QTAL",1916,{"$f":"+G46*E46","v":649524}]
["2017-06-26","FERTILIZANTE ( 1 )","ABON10-18-15S","ABONO 10-18-15 (S) FORM. SULF.",42,"QTAL",1415,59430]
["2017-12-26","FERTILIZANTE ( 1 )","ABON15-15-15S-5S2MGO","ABON15-15-15S-5S +2MGO",57,"QTAL",1997.16,113838.12000000001]
["2017-11-10","FERTILIZANTE ( 1 )","ABONO","ABONO 15-15-15 (S)+2MGO",1,"QTAL",1448,1448]
["2017-01-23","FERTILIZANTE ( 1 )","ABON-SOLIMAN","ABONO-SOLIMAN",28,"QTAL",525,14700]
["2007-02-28","FERTILIZANTE ( 1 )","ABOTNC","ABOTERRA NITRATO DE CALCIO",40,"55LBS",630,25200]
["2016-10-04","FERTILIZANTE ( 1 )","CALMAGN-QTAL","CAL MAGNESIO",145,"QTAL",473,68585]
["2017-06-26","FERTILIZANTE ( 1 )","FLOR-SOLUB","FLORACION SOLUBLE",38,"55LBS",1214.4000000000001,46147.200000000004]
["2016-10-04","FERTILIZANTE ( 1 )","PLAMT-3","PLAMTAR 3 - BALANCE NK",9,"25LBS",573.75,5163.75]
["2016-10-04","FERTILIZANTE ( 1 )","PLANT-SEM-12-8-20S","PLANTAR SEMILLERO 12-8-20S+4MGO+ME 67%N",7,"25LBS",751,5257]
["2017-11-01","FERTILIZANTE ( 1 )","PROD-SOLUB","PRODUCCION SOLUBLE",9,"55LBS",1862.0409099999999,16758.368190000001]
["2016-10-24","FERTILIZANTE ( 1 )","PS275L","PACA SUSTRACTO 275 LITROS",177,"UND",1785,315945]
["2017-11-01","FERTILIZANTE ( 1 )","SEMI-FUTURO","SEMILLERO FUTURO ( 12-8- 20+4MGO+4S+ME)",22,"55LBS",795,17490]
["2017-12-26","FERTILIZANTE ( 1 )","SULFZINC","SULFATO DE ZINC )",2,"25KG",1408,2816]
["2017-01-23","GENERAL ( 10 )","LOM","LOMBRICES COMPST FRUTAS Y VEGETALES",170,"UND",500,85000]
["2017-01-23","MATERIALES ( 9 )","ROLL-TELA3.5X100M","ROLLO TELA TABAC 3.5X100 MT",2,"ROLLO",16100,32200]
["TOTAL",null,null,null,null,null,null,{"$f":"SUM(H46:H61)","v":1459502.4381899999}]
[]
[]
[]
[]
[]
[]
[]
[]
[]
[]
["INSTITUTO DEL TABACO DE LA REPÚBLICA DOMINICANA"]
["INVENTARIO FERTILIZANTES"]
["MES DE JUNIO 2022"]
[]
["Fecha de adquisición y/o registro","Artículo","Código instritucional","Descripción artículo","Existencia","Unidad","Costo","Valor"]
[]
[]
[]
[]
["2017-01-11","FERTILIZANTE ( 1 )","A10-18-15(S)","ABONO 10-18-15(S)",339,"QTAL",1916,{"$f":"+G82*E82","v":649524}]
["2017-06-26","FERTILIZANTE ( 1 )","ABON10-18-15S","ABONO 10-18-15 (S) FORM. SULF.",34,"QTAL",1415,48110]
["2017-12-26","FERTILIZANTE ( 1 )","ABON15-15-15S-5S2MGO","ABON15-15-15S-5S +2MGO",91,"QTAL",1997.16,181741.56]
["2017-11-10","FERTILIZANTE ( 1 )","ABONO","ABONO 15-15-15 (S)+2MGO",1,"QTAL",1448,1448]
["2017-01-23","FERTILIZANTE ( 1 )","ABON-SOLIMAN ","ABONO-SOLIMAN ",28,"QTAL",525,14700]
["2007-02-28","FERTILIZANTE ( 1 )","ABOTNC","ABOTERRA NITRATO DE CALCIO",40,"55LBS",630,25200]
["2016-10-04","FERTILIZANTE ( 1 )","CALMAGN-QTAL","CAL MAGNESIO",145,"QTAL",473,68585]
["2017-06-26","FERTILIZANTE ( 1 )","FLOR-SOLUB","FLORACION SOLUBLE",53,"55LBS",1214.4000000000001,64363.200000000004]
["2016-10-04","FERTILIZANTE ( 1 )","PLAMT-3","PLAMTAR 3 - BALANCE NK",9,"25LBS",573.75,5163.75]
["2016-10-04","FERTILIZANTE ( 1 )","PLANT-SEM-12-8-20S","PLANTAR SEMILLERO 12-8-20S+4MGO+ME 67%N",7,"25LBS",751,5257]
["2017-11-01","FERTILIZANTE ( 1 )","PROD-SOLUB","PRODUCCION SOLUBLE",9,"55LBS",1862.0409099999999,16758.368190000001]
["2016-10-24","FERTILIZANTE ( 1 )","PS275L","PACA SUSTRACTO 275 LITROS",177,"UND",1785,315945]
["2017-11-01","FERTILIZANTE ( 1 )","SEMI-FUTURO","SEMILLERO FUTURO ( 12-8- 20+4MGO+4S+ME)",22,"55LBS",795,17490]
["2017-12-26","FERTILIZANTE ( 1 )","SULFZINC","SULFATO DE ZINC )",2,"25KG",1408,2816]
["2017-01-23","GENERAL ( 10 )","LOM","LOMBRICES COMPST FRUTAS Y VEGETALES",100,"UND",500,50000]
["2017-01-23","MATERIALES ( 9 )","ROLL-TELA3.5X100M","ROLLO TELA TABAC 3.5X100 MT",2,"ROLLO",16100,32200]
["TOTAL",null,null,null,null,null,null,{"$f":"SUM(H82:H97)","v":1499301.8781900001}]